000 00909cam a2200217 4500
001 WB3706-11
008 000000n2001 000 0 eng u
035 _a(Sirsi) u110761
245 _aHuge majority backs adjudication process
260 _c2001
490 _aConstruction News
_v(6701) 1 February 2001, 4(1)
520 _aA survey of contractors, consultants and clients has shown that the majority believe adjudication to be successful in speeding up contract dispute resolution. However 44% believed it was not reliable.
590 _aWB
650 _aMANAGEMENT-DISPUTE AVOIDANCE, MANAGEMENT AND RESOLUTION-DISPUTE MANAGEMENT AND RESOLUTION-ALTERNATIVE DISPUTE RESOLUTION-ADJUDICATION
650 _aCONSTRUCTION INDUSTRY
650 _aMASONS
650 _aHOUSING GRANTS, CONSTRUCTION AND REGENERATION ACT 1996
650 _aCONSULTANTS
690 _aDispute resolution
_96236
942 _n0
999 _c66023
_d66023